The Princess Bride movie trivia #2 (hard) - Statistics

General Stats
  • This quiz has been taken 551 times
  • The average score is 12 of 22
Answer Stats
Hint Answer % Correct
True or False: There is a village nearby. False
95%
Is "blave" a real word? no
91%
"You're trying to kidnap what I've rightfully ______." stolen
88%
She doesn't get eaten by the ____ at this time. eels
79%
Westley's arm won't move because he's been ______ ____ all day. mostly dead
73%
While engaged to Prince Humperdinck, what was Buttercup's only joy? her daily ride
69%
Who says "I hope we win"? Fezzik
65%
Who did the King's stinking son fire? Miracle Max
65%
If Buttercup is otherwise than alive when Humperdinck finds her, he will be very ___ ___. put out
64%
"You'll put down your rock, I'll put down my sword, and we'll try to kill each other like _________ ______?" civilized people
63%
Inigo Montoya and Count Rugen cut each other how many times (in the same spots)? five
61%
Rugen is writing the definitive work on what subject? pain
55%
"The Dread Pirate Roberts is here for your _____!" souls
53%
Westley would sooner destroy a _______ _____ ______ than an artist like Inigo. stained glass window
49%
Who is the real author / screenwriter? William Goldman
34%
"I won't be seeing you again since I'm killing myself once we reach the honeymoon suite." Next line... "Won't that be nice"
30%
Who is the fictional author of The Princess Bride? S. Morgenstern
29%
The sound of ________ _________ helps Inigo and Fezzik find the Pit of Despair. ultimate suffering
29%
Where is the original Dread Pirate Roberts living like a king? Patagonia
27%
Why does Westley need helping? "because he has no strength"
20%
Humperdinck is a _________, vomitous mass. miserable
19%
When he looked in her eyes, he became ________. obsessed
6%
No matching quizzes found
Score Distribution
Percent of People with Each Score
Percentile by Number Answered
Your Score History
You have not taken this quiz